|
|
|
|
| LEADER |
00000nam0a2200000 4500 |
| 001 |
259582 |
| 005 |
20231101233410.0 |
| 035 |
|
|
|a (RuTPU)RU\TPU\book\282526
|
| 090 |
|
|
|a 259582
|
| 100 |
|
|
|a 20140512d1967 k y0rusy50 ca
|
| 101 |
0 |
|
|a rus
|
| 102 |
|
|
|a RU
|
| 105 |
|
|
|a a z 001zy
|
| 200 |
1 |
|
|a Механизмы слуха
|e [сборник]
|f Академия наук СССР (АН СССР) ; отв. ред. Г. В. Гершуни
|
| 210 |
|
|
|a Ленинград
|c Наука
|d 1967
|
| 215 |
|
|
|a 233 с.
|c ил.
|
| 225 |
1 |
|
|a Проблемы физиологической акустики
|v Т. VI
|
| 320 |
|
|
|a Библиогр.: с. 222-229.
|
| 606 |
1 |
|
|a Слух
|x Медицина
|2 stltpush
|3 (RuTPU)RU\TPU\subj\55227
|9 73286
|
| 606 |
1 |
|
|a Слух
|x (акустика)
|2 stltpush
|3 (RuTPU)RU\TPU\subj\55226
|9 73285
|
| 610 |
1 |
|
|a нейрофизиология
|
| 610 |
1 |
|
|a слуховая система
|
| 610 |
1 |
|
|a структура
|
| 610 |
1 |
|
|a моделирование
|
| 610 |
1 |
|
|a временные характеристики
|
| 610 |
1 |
|
|a звуковые сигналы
|
| 675 |
|
|
|a 612.8
|v 3
|
| 675 |
|
|
|a 534.7
|v 3
|
| 702 |
|
1 |
|a Гершуни
|b Г. В.
|4 340
|
| 712 |
0 |
2 |
|a Академия наук СССР (АН СССР)
|2 stltpush
|3 (RuTPU)RU\TPU\col\722
|
| 801 |
|
1 |
|a RU
|b 63413507
|c 20140512
|
| 801 |
|
2 |
|a RU
|b 63413507
|c 20140617
|g RCR
|
| 942 |
|
|
|c BK
|